|
|
|
|
| LEADER |
00000cam a2200000 a 4500 |
| 001 |
vtls001145429 |
| 003 |
SK-MaSNL |
| 005 |
20260301002128.0 |
| 008 |
250313q1980 fr 000 0 slo |
| 035 |
|
|
|a SNK000088284
|
| 035 |
|
|
|a urn:nbn:sk:snk-am3hqxl
|
| 035 |
|
|
|a 294B2513-0213-4264-890B-AE4EC2A489B4
|
| 035 |
|
|
|a urn:nbn:sk:snk-am00d638
|
| 040 |
|
|
|a SNK
|b slo
|c SNK
|e AACR2
|
| 041 |
0 |
|
|a slo
|
| 044 |
|
|
|a fr
|c FR
|
| 072 |
|
7 |
|a 27
|x Kresťanstvo. Kresťanská cirkev všeobecne. Ekleziológia
|2 konspekt
|
| 080 |
|
|
|a 23/28
|2 1981
|
| 080 |
|
|
|a 27
|2 2011
|
| 080 |
|
|
|a (035)
|2 2011
|
| 245 |
0 |
0 |
|a Cesta, pravda, život
|
| 260 |
|
|
|a [Francúzsko]
|b b.v.
|c [asi 1980]
|
| 300 |
|
|
|a 64 s.
|c 14 cm
|
| 650 |
0 |
7 |
|a kresťanská viera
|2 SNKPH
|9 1712
|
| 650 |
0 |
7 |
|a evanjeliá
|2 SNK
|9 281407
|
| 650 |
0 |
7 |
|a Christian faith
|2 SNKPHeng
|9 266204
|
| 655 |
|
7 |
|a príručky
|2 SNKPH
|9 74364
|
| 655 |
|
7 |
|a Handbooks, manuals, etc.
|2 SNKPHeng
|9 90964
|
| 852 |
|
|
|a Slovenská národná knižnica
|
| 958 |
|
|
|a NT
|
| 958 |
|
|
|a OND
|
| 999 |
|
|
|c 536623
|d 538553
|
| 952 |
|
|
|a SNK
|b SNK
|y PREZ
|7 0
|p 17A0749182
|o snkSE 2724
|i snkV 2659/90
|8 2
|0 0
|1 0
|4 0
|d 2011-11-08
|f 1
|l 0
|r 2026-02-23 12:27:31
|w 2026-02-23
|
| 952 |
|
|
|a SNK
|b SNK
|y VYP
|7 0
|p 17A0176536
|o snkSE 2724 D1
|i snkF 1751/94
|8 5
|0 0
|1 0
|4 0
|d 1999-01-15
|l 0
|r 2005-01-01 00:00:00
|w 2026-02-23
|